000 00402nam a22001697a 4500
003 MPLRDC
005 20220104114703.0
008 210129b ||||| |||| 00| 0 eng d
020 _a7-5011-0648-7
082 _a046 YSS
100 _a杨少山主编
245 _a天下奇闻
_c
260 _a
_b民俗出版社
_c
300 _b
650 _a类书; 百科全书--杂录
942 _cBK
_o046 YSS
999 _c9432
_d9422